Nueva colección de autores selectos latinos i castellanos para uso de los jóvenes dedicados al estudio de la latinidad i literatura / (Record no. 180221)

MARC details
000 -LEADER
campo de control de longitud fija 00792nam a2200193 i 4500
001 - NÚMERO DE CONTROL
campo de control 180221
003 - IDENTIFICADOR DE NÚMERO DE CONTROL
campo de control ES-MaACL
005 - FECHA Y HORA DE LA ÚLTIMA TRANSACCIÓN
campo de control 20250802062555.0
008 - DATOS DE LONGITUD FIJA--INFORMACIÓN GENERAL
campo de control de longitud fija 120521m18531855sp f |||| | spa d
245 00 - MENCIÓN DEL TÍTULO
Título Nueva colección de autores selectos latinos i castellanos para uso de los jóvenes dedicados al estudio de la latinidad i literatura /
Mención de responsabilidad, etc. redactada i anotada por los PP. Escolapios.
260 ## - PUBLICACIÓN, DISTRIBUCIÓN, ETC.
Lugar de publicación, distribución, etc. Madrid :
Nombre del editor, distribuidor, etc. [s.n.],
Fecha de publicación, distribución, etc. 1853-1855.
300 ## - DESCRIPCIÓN FÍSICA
Extensión 3 v. ;
Dimensiones 18 cm.
530 ## - NOTA DISPONIBLE DE FORMULARIO FÍSICO ADICIONAL
Nota de formato físico adicional disponible Disponible también en sitio web.
650 07 - PUNTO DE ACCESO ADICIONAL DE MATERIA--TÉRMINO DE MATERIA
Término de materia o nombre geográfico como elemento de entrada Literatura latina
Fuente del encabezamiento o término embne
9 (RLIN) 14632
650 07 - PUNTO DE ACCESO ADICIONAL DE MATERIA--TÉRMINO DE MATERIA
Término de materia o nombre geográfico como elemento de entrada Literatura española
Fuente del encabezamiento o término embne
9 (RLIN) 14539
852 ## - LOCALIZACIÓN
Ubicación ES-MaACL
Número de control de estantería D-1727-29
Nota libre .- Legado M. de la Fuente
856 ## - LOCALIZACIÓN Y ACCESO ELECTRÓNICOS
Identificador Uniforme de Recursos <a href="http://cisne.sim.ucm.es/record=b2370874~S4*spi ">http://cisne.sim.ucm.es/record=b2370874~S4*spi </a>
Nota pública Ir a la página
Holdings
Estatus retirado Estado de pérdida Estado de daño No para préstamo Colección Biblioteca de origen Biblioteca actual Ubicación en estantería Fecha de adquisición Fuente de adquisición Total de préstamos Signatura topográfica completa Código de barras Visto por última vez Precio de reemplazo Tipo de ítem Koha
        Colección digital Biblioteca del Ateneo de Madrid Biblioteca del Ateneo de Madrid Sala Valle Inclán 21/05/2012     D-1727-29 901189371 23/02/2023 23/02/2023 Libro impreso antiguo